00741nam a22002297a 450000100060000000300090000600500170001500800410003204000280007308200210010110000280012224500970015025000120024726000400025930000300029950000430032950000200037252000690039265000200046165000140048171000160049511704BD-DhUAP20200211123201.0200211s2004 bg 001 0 eng  aDLCcDLCdBD-DhUAPbEng 223a346.0436 CHO1 aChowdhury, Obaidul Huq.10aObaidul Huq Chowdhury's Transfer of Property Act (Act IV of 1882) /cObaidul Huq Chowdhury.  a3rd ed. aDhaka :bDhaka Law Reports,c2004.  a[32], 572 pages ;c26 cm. aSpine title: Transfer of Property Act. aIncludes index. aIncludes up to date case-law of Bangladesh, India, and Pakistan. aTransfer (Law). aProperty.12aBangladesh.